De quels pays sont les champions olympiques 2024 ? - Boxe - Statistiques

Statistiques générales
  • Ce quiz a été pris 21 fois
  • Le résultat moyen est 10 sur 13
Statistiques - réponses
Épreuve Athlète Nation % Correct
Poids mouches F Wu Yu Chine
94%
Poids coqs F Chang Yuan Chine
94%
Poids moyens F Li Qian Chine
88%
Poids mouches H Hasanboy Dusmatov Ouzbékistan
88%
Poids welters F Imane Khelif Algérie
82%
Poids plumes H Abdumalik Khalokov Ouzbékistan
82%
Poids lourds H Lazizbek Mullojonov Ouzbékistan
82%
Poids super-lourds H Bakhodir Jalolov Ouzbékistan
82%
Poids welters H Asadkhuja Luydinkhujaev Ouzbékistan
76%
Poids plumes F Lin Tu-ting Taïwan
76%
Poids moyens H Oleksandr Khyzhniak Ukraine
71%
Poids légers H Erislandy Alvarez Cuba
65%
Poids légers F Kellie Harrington Irlande
65%
Aucun quiz correspondant
Distribution des résultats
% des personnes avec chaque résultat
Percentile par nombre de réponses
Votre historique - résultats
Vous n’avez pas pris ce quiz